Footballers with 500 or more goals - Statistics

General Stats
  • This quiz has been taken 2,029 times
    1,983 since last reset
  • The average score is 10 of 25
Answer Stats
Number of Goals Country Player % Correct
924* Portugal Cristiano Ronaldo
100%
850* Argentina Lionel Messi
99%
762 Brazil Pele
96%
662* Poland Robert Lewandowski
86%
725 Hungary, Spain Ferenc Puskas
81%
634 Germany Gerd Muller
79%
583* Uruguay Luis Suarez
78%
561 Sweden Zlatan Ibrahimovic
73%
578 Portugal Eusebio
64%
537 Argentina, Spain Alfredo Di Stéfano
52%
756 Brazil Romario
49%
507 Mexico Hugo Sánchez
31%
501 Brazil Zico
22%
722 Austria,Czechoslovakia Josef Bican
17%
552 Germany Uwe Seeler
5%
639 Northern Ireland Jimmy Jones
3%
624 Netherlands Abe Lenstra
2%
553 Portugal Fernando Peyroteo
2%
563 Northern Ireland Glenn Ferguson
2%
530 Hungary György Sárosi
2%
513 Brazil Roberto Dinamite
2%
502 Austria Franz Binder
1%
553 Hungary Imre Schlosser
1%
550 Scotland Jimmy McGrory
1%
626 Northern Ireland Joe Bambrick
1%
No matching quizzes found
Score Distribution
Percent of People with Each Score
Percentile by Number Answered
Your Score History
You have not taken this quiz since the last reset